000 00709nam a2200289Ia 4500
005 20260324144244.0
008 008 260324s9999 xx 000 0 eng d
020 _a9780429044274
037 _aEBOOK
040 _aCRL
040 _beng
040 _cCRL
041 _2eng
041 _aeng
084 _qCRL
100 _aSergei Pushkarev
_91218361
245 0 _aChristianity And Government In Russia And The Soviet Union
245 0 _bReflections On The Millennium
260 _bTaylor and Francis
260 _c1989
365 _a
365 _b220
856 _uhttp://www.taylorfrancis.com/books/9780429044274
942 _cEBOOK
999 _c1825038
_d1825038